Pentadbiran Mahathir : (Record no. 45)

000 -LEADER
fixed length control field nam a22 a 4500
003 - CONTROL NUMBER IDENTIFIER
control field AKMAL
005 - DATE AND TIME OF LATEST TRANSACTION
control field 20170413135530.0
008 - FIXED-LENGTH DATA ELEMENTS--GENERAL INFORMATION
fixed length control field s2003 my 00 may d
020 ## - INTERNATIONAL STANDARD BOOK NUMBER
International Standard Book Number 9812323953 (kkt.):
Terms of availability RM39.80
040 ## - CATALOGING SOURCE
Original cataloging agency AKMAL
090 00 - LOCALLY ASSIGNED LC-TYPE CALL NUMBER (OCLC); LOCAL CALL NUMBER (RLIN)
Classification number (OCLC) (R) ; Classification number, CALL (RLIN) (NR) 959.5054
Local cutter number (OCLC) ; Book number/undivided call number, CALL (RLIN) PEN
245 00 - TITLE STATEMENT
Title Pentadbiran Mahathir :
Remainder of title prestasi dan krisis dalam pemerintahan /
Statement of responsibility, etc. diedit oleh Ho Khai Leong dan James Chin
260 ## - PUBLICATION, DISTRIBUTION, ETC.
Place of publication, distribution, etc. Singapore;
-- Kuala Lumpur :
Name of publisher, distributor, etc. Times Book International,
Date of publication, distribution, etc. 2003
300 00 - PHYSICAL DESCRIPTION
Extent 282ms. ;
Dimensions 23cm
500 ## - GENERAL NOTE
General note Mengandungi indeks
599 ## - LOCAL NOTE
Local Note DALAM PROSES
600 00 - SUBJECT ADDED ENTRY--PERSONAL NAME
Personal name Mahathir bin Mohamad,
Titles and other words associated with a name Dato' Seri,
Dates associated with a name 1925-
9 (RLIN) 5
651 #0 - SUBJECT ADDED ENTRY--GEOGRAPHIC NAME
Geographic name Malaysia
General subdivision Politics and government
9 (RLIN) 44
651 #0 - SUBJECT ADDED ENTRY--GEOGRAPHIC NAME
Geographic name Malaysia
General subdivision Economic policy
9 (RLIN) 49
651 #0 - SUBJECT ADDED ENTRY--GEOGRAPHIC NAME
Geographic name Malaysia
General subdivision Foreign relations
9 (RLIN) 11
700 1# - ADDED ENTRY--PERSONAL NAME
Personal name Ho, Khai Leong,
Dates associated with a name 1954-
9 (RLIN) 96
700 1# - ADDED ENTRY--PERSONAL NAME
Personal name Chin, James
9 (RLIN) 97
856 41 - ELECTRONIC LOCATION AND ACCESS
Uniform Resource Identifier ftp://tag856.pnm.gov.my/tag856/buku/9812323953.pdf
Link text Electronic Resource
942 ## - ADDED ENTRY ELEMENTS (KOHA)
Source of classification or shelving scheme
Koha item type Book
Holdings
Withdrawn status Lost status Source of classification or shelving scheme Damaged status Not for loan Collection code Home library Current library Shelving location Date acquired Inventory number Total Checkouts Full call number Barcode Date last seen Price effective from Koha item type
          NON-FICTION AKMAL Melaka AKMAL Melaka PINJAMAN 13.04.2017 900426   959.5054 PEN 201700087 13.04.2017 13.04.2017 Book
Pusat Sumber Maklumat Dato' Haji Sarmin Md Hussin, Akademi Kastam Diraja Malaysia, Melaka
Tel: 06-2331106 | Faks: 06-2313787